Catálogo - Centro de Recursos para el Aprendizaje y la Investigación

Volver al Sitio - CRAI Biblioteca

Los métodos interpretativos de la juriscción constitucional (Registro nro. 113398)

Detalles MARC
000 -CABECERA
campo de control de longitud fija 01501nam a22002177a 4500
001 - NÚMERO DE CONTROL
campo de control 113397
003 - IDENTIFICADOR DEL NÚMERO DE CONTROL
campo de control DR-UNIBE
005 - FECHA Y HORA DE LA ÚLTIMA TRANSACCIÓN
campo de control 20250331113155.0
008 - DATOS DE LONGITUD FIJA--INFORMACIÓN GENERAL
campo de control de longitud fija 250331b2009 mx ||||| |||| 00| 0 spa d
040 ## - FUENTE DE LA CATALOGACIÓN
Centro catalogador/agencia de origen BIBLIOTECA UNIBE
Centro/agencia transcriptor BIBLIOTECA UNIBE
Normas de descripción rda
041 ## - CÓDIGO DE LENGUA
Código de lengua del texto/banda sonora o título independiente spa
082 ## - NÚMERO DE LA CLASIFICACIÓN DECIMAL DEWEY
Número de clasificación 342.041 C748m
111 2# - ENTRADA PRINCIPAL--NOMBRE DE CONGRESO/REUNIÓN
Nombre de congreso/reunión o jurisdicción como elemento de entrada Conferencia Iberoamericana de Justicia Constitucional (7ª : 2009 : Mérida, México)
9 (RLIN) 193635
245 14 - MENCIÓN DE TÍTULO
Título Los métodos interpretativos de la juriscción constitucional
260 ## - PUBLICACIÓN, DISTRIBUCIÓN, ETC.
Lugar de publicación, distribución, etc. Mérida :
Nombre del editor, distribuidor, etc. Agencia Española de Cooperación Internacional,
Fecha de publicación, distribución, etc. 2009
300 ## - DESCRIPCIÓN FÍSICA
Extensión 219 páginas
505 ## - NOTA DE CONTENIDO CON FORMATO
Nota de contenido con formato 1. Delegaciones asistentes y fotos |<br/>2. Inauguración |<br/>3. Informe de la Secretaría Permanente |<br/>4. Mensaje e Informe de la Secretaría Pro Tempore |<br/>5. El examen comparativo entre los sistemas americano y europeo de Justicia Constitucional |<br/> 6. Explicación del trabajo y presentación del tema |<br/>7. Una experiencia de tres décadas de protección jurisdiccional de la Constitución |<br/>8. El control de constitucionalidad en Brasil: sistema mixto |<br/>9. Los métodos interpretativos del Tribunal peruano. |<br/>10. Estructura y atribuciones de los Tribunales y Salas Constitucionales de Iberoamérica |<br/>11. Métodos interpretativos de la Jurisdicción Constitucional |<br/>12. Ceremonia de clausura de labores |<br/>13. Ceremonia de clausura |<br/>14. Mensaje y declaración de clausura |<br/>
650 ## - PUNTO DE ACCESO ADICIONAL DE MATERIA--TÉRMINO DE MATERIA
Fuente del encabezamiento o término lemb
Término de materia o nombre geográfico como elemento de entrada Jurisdicción
9 (RLIN) 58021
650 ## - PUNTO DE ACCESO ADICIONAL DE MATERIA--TÉRMINO DE MATERIA
Fuente del encabezamiento o término lemb
Término de materia o nombre geográfico como elemento de entrada Derecho
942 ## - ELEMENTOS DE PUNTO DE ACCESO ADICIONAL (KOHA)
Fuente del sistema de clasificación o colocación Sistema de Clasificación Decimal Dewey
Tipo de ítem Koha Libro (general)
Existencias
Estado de retiro Estado de pérdida Fuente del sistema de clasificación o colocación No para préstamo Código de colección Localización permanente Fecha de adquisición Total de préstamos Signatura topográfica completa Código de barras Fecha visto por última vez Número de copia Precio válido a partir de Tipo de ítem Koha
  Disponible Sistema de Clasificación Decimal Dewey   General Biblioteca Central UNIBE 01/02/2025   342.041 C748m 250229 31/03/2025 Ej. 1 31/03/2025 Libro (general)